<?xml version="1.0" encoding="UTF-8"?><?xml-stylesheet type="text/xsl" href="static/style.xsl"?><OAI-PMH xmlns="http://www.openarchives.org/OAI/2.0/" xmlns:xsi="http://www.w3.org/2001/XMLSchema-instance" xsi:schemaLocation="http://www.openarchives.org/OAI/2.0/ http://www.openarchives.org/OAI/2.0/OAI-PMH.xsd"><responseDate>2026-05-14T06:38:20Z</responseDate><request verb="GetRecord" identifier="oai:riubu.ubu.es:10259/6800" metadataPrefix="marc">https://riubu.ubu.es/oai/request</request><GetRecord><record><header><identifier>oai:riubu.ubu.es:10259/6800</identifier><datestamp>2022-07-29T22:00:47Z</datestamp><setSpec>com_10259_2699</setSpec><setSpec>col_10259_2719</setSpec></header><metadata><record xmlns="http://www.loc.gov/MARC21/slim" xmlns:doc="http://www.lyncode.com/xoai" xmlns:xsi="http://www.w3.org/2001/XMLSchema-instance" xmlns:dcterms="http://purl.org/dc/terms/" xsi:schemaLocation="http://www.loc.gov/MARC21/slim http://www.loc.gov/standards/marcxml/schema/MARC21slim.xsd">
<leader>00925njm 22002777a 4500</leader>
<datafield tag="042" ind1=" " ind2=" ">
<subfield code="a">dc</subfield>
</datafield>
<datafield tag="720" ind1=" " ind2=" ">
<subfield code="a">Jiménez Zabalegui, Rosario</subfield>
<subfield code="e">author</subfield>
</datafield>
<datafield tag="260" ind1=" " ind2=" ">
<subfield code="c">2022</subfield>
</datafield>
<datafield tag="520" ind1=" " ind2=" ">
<subfield code="a">El trabajo sobre el centón de Alexander Rossaeus, escocés S. XVII, estudioso polivalente, es un recorrido por el Génesis, libro del Antiguo Testamento de la Biblia.&#xd;
El autor pretende llevar la buena noticia del Cristianismo al necesitado de esperanza. Identificamos versos de Virgilio, y los de otros autores importantes como Ovidio y Horacio. En cuanto a la forma, todos los versos tienen un paralelo a otro de Eneida, Geórgicas, o Églogas. Rossaeus conoce la métrica, hexámetro dactílico, cesuras, cambia palabras por las del mantuano, sin alterar los hemistiquios. El estudio del léxico, cadenas de palabras, dependencia fónica o cruce de elementos, nos lleva a afirmar que con su trabajo ha compuesto una obra nueva. Tema distinto, misma estructura formal.&#xd;
Conocedor de la Biblia, hace referencia a otros libros de la Escritura, mientras cuenta historias del Génesis, mezclándolos con capítulos perfectamente reconocibles de Eneida.</subfield>
</datafield>
<datafield tag="024" ind2=" " ind1="8">
<subfield code="a">http://hdl.handle.net/10259/6800</subfield>
</datafield>
<datafield tag="024" ind2=" " ind1="8">
<subfield code="a">10.36443/10259/6800</subfield>
</datafield>
<datafield ind1=" " ind2=" " tag="653">
<subfield code="a">Centón</subfield>
</datafield>
<datafield ind1=" " ind2=" " tag="653">
<subfield code="a">Rossaeus</subfield>
</datafield>
<datafield ind1=" " ind2=" " tag="653">
<subfield code="a">Virgilio</subfield>
</datafield>
<datafield ind1=" " ind2=" " tag="653">
<subfield code="a">Eneida</subfield>
</datafield>
<datafield ind1=" " ind2=" " tag="653">
<subfield code="a">Biblia</subfield>
</datafield>
<datafield ind1=" " ind2=" " tag="653">
<subfield code="a">Cento</subfield>
</datafield>
<datafield ind1=" " ind2=" " tag="653">
<subfield code="a">Virgilius</subfield>
</datafield>
<datafield ind1=" " ind2=" " tag="653">
<subfield code="a">Aeneida</subfield>
</datafield>
<datafield ind1=" " ind2=" " tag="653">
<subfield code="a">Bible</subfield>
</datafield>
<datafield tag="245" ind1="0" ind2="0">
<subfield code="a">Un centón cristiano del siglo XVII. El Liber I del Virgilii evangelizantis christiados libri XIII de Alexander Rossaeus: estudio y traducción</subfield>
</datafield>
</record></metadata></record></GetRecord></OAI-PMH>